[Event "Satka Autumn"]
[Site "Satka"]
[Date "2023.08.29"]
[Round "1"]
[White "Sychov, Alexandr"]
[Black "Khubukshanov, Erdem"]
[Result "0-1"]
[WhiteElo "1929"]
[BlackElo "2389"]
[PlyCount "88"]
[EventDate "2023.08.29"]
[EventType "swiss"]
[EventRounds "9"]
[EventCountry "RUS"]
[SourceTitle "EXT 2024"]
[Source "ChessBase"]
[SourceDate "2023.10.10"]
[SourceVersion "1"]
[SourceVersionDate "2023.10.10"]
[SourceQuality "1"]

1. d4 Nf6 2. c4 e6 3. g3 d5 4. Nf3 dxc4 5. Bg2 c6 6. 0-0 b5 7. Nc3 Nbd7 8. e4 Bb7 9. Re1 Be7 10. a4 a6 11. axb5 cxb5 12. d5 Qb6 13. Be3 Bc5 14. dxe6 fxe6 15. e5 Nd5 16. Nd4 Nxe3 17. fxe3 Bxg2 18. Kxg2 0-0 19. Qg4 Nxe5 20. Qxe6+ Qxe6 21. Nxe6 Nd3 22. Re2 Rfc8 23. Nd5 Rc6 24. Nec7 Rc8 25. Nxa6 Bf8 26. e4 b4 27. e5 Re6 28. Nac7 Rxe5 29. Rxe5 Nxe5 30. Ne6 Nd3 31. Ra7 Nxb2 32. Nxf8 Kxf8 33. Nxb4 c3 34. Nc2 Rd8 35. Kh3 Rd2 36. Nb4 Nd1 37. g4 Rd4 38. Nc2 Rd3+ 39. Kh4 Rd2 40. Nb4 Rxh2+ 41. Kg3 Rb2 42. Nd5 c2 43. Rc7 Rb3+ 44. Kf4 Nc3 0-1

[Event "Titled Tuesday intern op 08th Aug Early"]
[Site "Chess.com INT"]
[Date "2023.08.08"]
[Round "6"]
[White "Eynullayev, Altay Elshan"]
[Black "Khubukshanov, Erdem"]
[Result "0-1"]
[WhiteElo "2214"]
[BlackElo "2389"]
[PlyCount "92"]
[EventDate "2023.08.08"]
[EventType "swiss (blitz)"]
[EventRounds "11"]
[EventCountry "USA"]
[SourceTitle "EXT 2024"]
[Source "ChessBase"]
[SourceDate "2023.10.10"]
[SourceVersion "1"]
[SourceVersionDate "2023.10.10"]
[SourceQuality "1"]

1. e4 d5 2. exd5 Qxd5 3. Nc3 Qd6 4. d4 Nf6 5. Nf3 a6 6. a4 Bf5 7. Bd3 Bxd3 8. Qxd3 Nc6 9. 0-0 Nb4 10. Qe2 e6 11. Bg5 Be7 12. Bxf6 gxf6 13. Ne4 Qd5 14. c3 Nc6 15. Rad1 f5 16. Ng3 0-0-0 17. Rfe1 Rhg8 18. b4 b5 19. axb5 axb5 20. Ra1 Kb7 21. Qe3 Rg4 22. Qh6 f4 23. Ne4 Rdg8 24. Qh3 Qf5 25. Ned2 Qg6 26. g3 fxg3 27. hxg3 h5 28. Ne5 Nxe5 29. Rxe5 Qd3 30. Nf1 h4 31. Qg2+ c6 32. Re3 Qg6 33. Re5 Qd3 34. Re3 Qc4 35. Nd2 Qd5 36. Qxd5 cxd5 37. Nf1 Bd6 38. Kg2 Bc7 39. Rae1 hxg3 40. fxg3 Ra8 41. Rf3 Rg7 42. Ne3 Ra2+ 43. Kh3 Rh7+ 44. Kg4 Rah2 45. Kg5 R2h5+ 46. Kf6 Bd8# 0-1

[Event "Titled Tuesday intern op 08th Aug Early"]
[Site "Chess.com INT"]
[Date "2023.08.08"]
[Round "3"]
[White "Khubukshanov, Erdem"]
[Black "Nguyen, Hong Nhung"]
[Result "1-0"]
[WhiteElo "2389"]
[BlackElo "1888"]
[PlyCount "63"]
[EventDate "2023.08.08"]
[EventType "swiss (blitz)"]
[EventRounds "11"]
[EventCountry "USA"]
[SourceTitle "EXT 2024"]
[Source "ChessBase"]
[SourceDate "2023.10.10"]
[SourceVersion "1"]
[SourceVersionDate "2023.10.10"]
[SourceQuality "1"]

1. e4 c5 2. Nf3 e6 3. c3 d5 4. exd5 Qxd5 5. d4 Nf6 6. Be2 Nc6 7. 0-0 cxd4 8. cxd4 Bb4 9. Nc3 Bxc3 10. bxc3 0-0 11. c4 Qd6 12. Qd3 b6 13. Ba3 Nb4 14. Qb3 a5 15. Rfb1 Bb7 16. Bxb4 axb4 17. Qxb4 Qf4 18. Qxb6 Be4 19. Re1 Rfb8 20. Qc5 Rb2 21. a4 Ng4 22. Qg5 Qxg5 23. Nxg5 Nf6 24. h4 Bc6 25. a5 h6 26. Nf3 Ne4 27. Ne5 Bb7 28. Bf3 f5 29. Reb1 Rxb1+ 30. Rxb1 Ba6 31. Bxe4 fxe4 32. Rb6 1-0